| 000 | 00703cam a2200265 4500500 | ||
|---|---|---|---|
| 005 | 20260419000947.0 | ||
| 041 | _afre | ||
| 042 | _adc | ||
| 100 | 1 | 0 |
_aLacroix, Samuel _eauthor |
| 245 | 0 | 0 | _aDjokovic, les larmes d’un roi |
| 260 | _c2023. | ||
| 500 | _a12 | ||
| 690 | _aAutorité | ||
| 690 | _aCarrière | ||
| 690 | _aÉchec | ||
| 690 | _aLeadership | ||
| 690 | _aPerformance | ||
| 690 | _aPersonal Branding | ||
| 690 | _aSens | ||
| 690 | _aSouffrance au travail | ||
| 690 | _aTravail | ||
| 690 | _aValeurs | ||
| 786 | 0 | _nPhilonomist | - | 1 | 2023-01-06 | p. 133-135 | |
| 856 | 4 | 1 | _uhttps://shs.cairn.info/magazine-philonomist-2023-1-page-133?lang=fr&redirect-ssocas=7080 |
| 999 |
_c2212650 _d2212650 |
||